| 000 | 00800nas a2200277Ia 4500 | ||
|---|---|---|---|
| 001 | dg37-1908 [d000002004] | ||
| 003 | IT-MiCISF | ||
| 008 | 161014c99999999xx |||||||||||| ||und|| | ||
| 040 |
_aIT-MiCISF _cIT-MiCISF |
||
| 041 | _aSPAGNOLO | ||
| 100 | _aZega Leonardo | ||
| 210 | _aVida nueva | ||
| 222 | _aVida nueva | ||
| 240 | _aSer familia ante el televisor | ||
| 245 | 0 | _aSer familia ante el televisor | |
| 250 | _a1a ed. | ||
| 260 | _c1994 | ||
| 501 |
_bCISF - Centro Internazionale Studi Famiglia - Via Giotto, 36 20145 MILANO (non commercial uses only) _cCopyright 2016 |
||
| 300 | _app. 24-27 | ||
| 362 | _a [1994] | ||
| 500 | _a Tema: massmedia, famiglia, televisione | ||
| 650 |
_amass media _varticolo |
||
| 700 | _aAA.VV. | ||
| 942 | _cCR | ||
| 957 | _71 | ||
| 999 |
_a1908 _bSi _g1 _c218319 _d218319 |
||